00319nam a2200109Ia 4500008004100000041000800041100001600049245006700065260003700132300000800169700003200177250110s9999 xx 000 0 und d aeng aApte Shilpa aDarpan : A Residential Sports School In Aurangabad Maharashtra bFinal Year B.Arch ID, Punec2014 a54p aGuide Name:Chandwania Dhruv